Záporná úroková miera na medzibankovom a dlhopisovom trhu

Základná úroková miera. Vývoj základnej úrokovej sadzby na Slovensku (1993-2014). Depozitná úroková miera. Znižovanie depozitnej úrokovej miery. Dlhopisová úroková miera.

Salvato in:
Dettagli Bibliografici
Autore principale: Jánošová, Veronika, 1953-
Natura: Capitolo di libro
Lingua:slovacco
Soggetti:
Tags: Aggiungi Tag
Nessun Tag, puoi essere il primo ad aggiungerne!!

MARC

LEADER 00000nla a2200000 4500
001 0223783
005 20240502073649.7
041 0 |a slo 
044 |a SK 
245 1 0 |a Záporná úroková miera na medzibankovom a dlhopisovom trhu  |c Veronika Jánošová 
520 |a Základná úroková miera. Vývoj základnej úrokovej sadzby na Slovensku (1993-2014). Depozitná úroková miera. Znižovanie depozitnej úrokovej miery. Dlhopisová úroková miera. 
610 2 0 |a trh finančný 
610 2 0 |a dlhopisy 
610 2 0 |a banky centrálne 
610 2 0 |a miera úroková 
610 2 0 |a sadzby úrokové 
610 2 0 |a deflácia 
100 1 |a Jánošová, Veronika, 1953-